Bolet́́́́́ín informativo sobre las pruebas de desarrollo educativo general.

Bibliographic Details
Corporate Authors: GED Testing Service, Federal Citizen Information Center (U.S.)
Format: Government Document Book
Language:Spanish
Published: Washington, DC : Pueblo, CO : General Educational Development Testing Service, American Council on Education ; Federal Citizen Information Center, [2003]
Subjects:
Online Access:https://purl.fdlp.gov/GPO/LPS76763

MARC

Tag First Indicator Second Indicator Subfields
LEADER 00000cam a2200000Ka 4500
001 in00002354521
005 20211129154928.0
006 m d f
008 070912s2003 dcu s f000 0 spa d
035 |a (OCoLC)ocn170966195 
040 |a GPO  |c GPO  |d MvI  |d UtOrBLW 
049 |a WWW 
074 |a 0580-B-03 (online) 
086 0 |a GS 11.2:G 28/SPAN. 
245 0 0 |a Bolet́́́́́ín informativo sobre las pruebas de desarrollo educativo general. 
246 3 |a GED boletín informativo sobre las pruebas de desarrollo educativo general 
264 1 |a Washington, DC :  |b General Educational Development Testing Service, American Council on Education ;  |a Pueblo, CO :  |b Federal Citizen Information Center,  |c [2003] 
300 |a 16 unnumbered pages :  |b digital, PDF file. 
336 |a text  |b txt  |2 rdacontent 
337 |a computer  |b c  |2 rdamedia 
338 |a unspecified  |b zu  |2 rdacarrier 
538 |a Mode of access: Internet from the FCIC web site. Address as of 9/11/07: http://www.pueblo.gsa.gov/cic%5Ftext/education/ged/boletin.pdf ; current access is available via PURL. 
500 |a Title from title screen (viewed Sept. 11, 2007). 
500 |a "250K/10/03." 
500 |a Electronic resource. 
650 0 |a GED tests. 
710 2 |a GED Testing Service. 
710 2 |a Federal Citizen Information Center (U.S.) 
856 4 0 |u https://purl.fdlp.gov/GPO/LPS76763  |t 0 
999 |a MARS 
999 f f |s 92260542-41da-3123-879e-ab86f9a17e31  |i 0ec61f02-698a-37fc-9f1f-b60fb29df7bb  |t 0 
952 f f |a Texas A&M University  |b College Station  |c Electronic Resources  |d Available Online  |t 0  |e GS 11.2:G 28/SPAN.  |h Superintendent of Documents classification 
998 f f |a GS 11.2:G 28/SPAN.  |t 0  |l Available Online